00878 2200313 4500001002100000005001500021035002000036007000300056008004100059020002200100082001000122084001600132100002300148245009800171250001000269260003200279300002400311650001600335700001900351700001700370700001700387520009400404990001100498990001100509990001100520990001100531990001100542990001100553INLIS00000000000348120190522022038 a0010-0519000073ta190522 g 0 ind  a978-979-3407-12-8 a297.8 a297.8 KHA f0 aKHALID, al-Juraisi1 aFatwa Fatwa Terkini 1 /cKhalid al-Juraisi;penerjemah, Musthofa Aini, Hanif Yahya, Amir Hazah acet.7 aJakarta :bDarul HAQ,c2016 axx,646 hlm ;c25 cm 4aFATWA.ISLAM0 aMUSTHOFA, Aini0 aHANIF, Yahya0 aAMIR, Hamzah aAl-Fatawa asy-Syar'iyyah Fi al-Masa 'il al-'Ashriyyah Min Fatawa Ulama' al-Balad al-Haram a6774 a a6774 b a6774 b a6774 a a6774 a a6774 b